| 000 -LEADER |
| fixed length control field |
01938cam a2200409 i 4500 |
| 001 - CONTROL NUMBER |
| control field |
17845984 |
| 003 - CONTROL NUMBER IDENTIFIER |
| control field |
USPCAS-E |
| 005 - DATE AND TIME OF LATEST TRANSACTION |
| control field |
20180118181418.0 |
| 008 - FIXED-LENGTH DATA ELEMENTS--GENERAL INFORMATION |
| fixed length control field |
130809s2014 enka b 001 0 eng |
| 010 ## - LIBRARY OF CONGRESS CONTROL NUMBER |
| LC control number |
2013031573 |
| 020 ## - INTERNATIONAL STANDARD BOOK NUMBER |
| International Standard Book Number |
9781119975854 (hardback) |
| 040 ## - CATALOGING SOURCE |
| Original cataloging agency |
DLC |
| Language of cataloging |
eng |
| Transcribing agency |
DLC |
| Description conventions |
rda |
| Modifying agency |
DLC |
| 042 ## - AUTHENTICATION CODE |
| Authentication code |
pcc |
| 050 00 - LIBRARY OF CONGRESS CALL NUMBER |
| Classification number |
TK9152.163 |
| Item number |
I54 2014 |
| 082 00 - DEWEY DECIMAL CLASSIFICATION NUMBER |
| Classification number |
621.48 |
| Edition number |
23 |
| Author Mark |
INF 2014 |
| 084 ## - OTHER CLASSIFICATION NUMBER |
| Classification number |
TEC009020 |
| Number source |
bisacsh |
| 245 00 - TITLE STATEMENT |
| Title |
Infrastructure systems for nuclear energy / |
| Statement of responsibility, etc. |
editors, Thomas T.C. Hsu, Chiun-lin Wu, Jui-Liang Lin. |
| 260 ## - PUBLICATION, DISTRIBUTION, ETC. |
| Place of publication, distribution, etc. |
West Susex: |
| Name of publisher, distributor, etc. |
Wiley, |
| Date of publication, distribution, etc. |
c2014 |
| 300 ## - PHYSICAL DESCRIPTION |
| Extent |
xxvii, 543 pages : |
| Other physical details |
illustrations (some color) ; |
| Dimensions |
26 cm |
| 502 ## - DISSERTATION NOTE |
| Dissertation note |
. |
| 504 ## - BIBLIOGRAPHY, ETC. NOTE |
| Bibliography, etc. note |
Includes bibliographical references and index. |
| 520 ## - SUMMARY, ETC. |
| Summary, etc. |
"Infrastructure Systems for Nuclear Energy summarizes this progress with an up-to-date reference to guide the future research and design of infrastructure systems for nuclear energy"-- |
| 650 #0 - SUBJECT ADDED ENTRY--TOPICAL TERM |
| Topical term or geographic name entry element |
Nuclear power plants |
| General subdivision |
Earthquake effects. |
| 650 #0 - SUBJECT ADDED ENTRY--TOPICAL TERM |
| Topical term or geographic name entry element |
Reinforced concrete construction |
| General subdivision |
Design and construction. |
| 650 #0 - SUBJECT ADDED ENTRY--TOPICAL TERM |
| Topical term or geographic name entry element |
Nuclear power plants |
| General subdivision |
Design and construction. |
| 650 #0 - SUBJECT ADDED ENTRY--TOPICAL TERM |
| Topical term or geographic name entry element |
Nuclear power plants |
| Geographic subdivision |
Asia |
| Form subdivision |
Case studies. |
| 650 #0 - SUBJECT ADDED ENTRY--TOPICAL TERM |
| Topical term or geographic name entry element |
Nuclear facilities |
| General subdivision |
Earthquake effects. |
| 650 #0 - SUBJECT ADDED ENTRY--TOPICAL TERM |
| Topical term or geographic name entry element |
Nuclear facilities |
| General subdivision |
Design and construction. |
| 650 #0 - SUBJECT ADDED ENTRY--TOPICAL TERM |
| Topical term or geographic name entry element |
Earthquake resistant design. |
| 650 #7 - SUBJECT ADDED ENTRY--TOPICAL TERM |
| Topical term or geographic name entry element |
TECHNOLOGY & ENGINEERING / Civil / General. |
| Source of heading or term |
bisacsh |
| 700 1# - ADDED ENTRY--PERSONAL NAME |
| Personal name |
Hsu, Thomas T. C. |
| Fuller form of name |
(Thomas Tseng Chuang), |
| Dates associated with a name |
1933- |
| 776 08 - ADDITIONAL PHYSICAL FORM ENTRY |
| Relationship information |
Online version: |
| Title |
Infrastructure systems for nuclear energy |
| Place, publisher, and date of publication |
Chichester, West Sussex : John Wiley & Sons Inc., 2013 |
| International Standard Book Number |
9781118536261 |
| Record control number |
(DLC) 2013033012 |
| 856 42 - ELECTRONIC LOCATION AND ACCESS |
| Materials specified |
Cover image |
| Uniform Resource Identifier |
<a href="http://catalogimages.wiley.com/images/db/jimages/9781119975854.jpg">http://catalogimages.wiley.com/images/db/jimages/9781119975854.jpg</a> |
| 906 ## - LOCAL DATA ELEMENT F, LDF (RLIN) |
| a |
7 |
| b |
cbc |
| c |
orignew |
| d |
1 |
| e |
ecip |
| f |
20 |
| g |
y-gencatlg |
| 942 ## - ADDED ENTRY ELEMENTS (KOHA) |
| Source of classification or shelving scheme |
|
| Koha item type |
Book |